Kapunyitási pánik és megfelelési kényszer a fiatal felnőttek körében

Bibliográfiai részletek
Szerző: Schubert Anna
További közreműködők: Hübner Andrea Gabriella
Dokumentumtípus: Diplomadolgozat
Kulcsszavak:fiatalok
kvantitatív módszerek
pánikbetegség
pszichológia
Z generáció
Online Access:http://dolgozattar.uni-bge.hu/59588

MARC

LEADER 00000nta a2200000 i 4500
001 dolg59588
005 20260409145252.0
008 260409suuuu hu om 000 hun d
040 |a BGE Dolgozattár Repozitórium  |b hun 
041 |a hu 
100 1 |a Schubert Anna 
245 1 0 |a Kapunyitási pánik és megfelelési kényszer a fiatal felnőttek körében  |c Schubert Anna  |h [elektronikus dokumentum] 
520 3 |a Dolgozatomban a kapunyitási pánik és megfelelési kényszer témakörét járom körül, a Z generáció, a 18-30 év közötti fiatal felnőttek tekintetében. A kapunyitási pánik és megfelelési kényszer sem rendelkezik a szakirodalomban meghatározott és mindenki által ismert fogalommal, így ezek definíciós nehézségeivel is foglalkoztam. A kezdődő felnőttkor („emerging adulthood”) krízisei, a prokrasztináció és következményei és a Z generáció jellemzői is a dolgozatom elemzését képzik. Kvantitatív kérdőíves kutatást végeztem, ahol a kitöltők válaszai alapján meghatározó eredményeket kaptam. 
695 |a fiatalok 
695 |a kvantitatív módszerek 
695 |a pánikbetegség 
695 |a pszichológia 
695 |a Z generáció 
700 1 |a Hübner Andrea Gabriella  |e ths 
856 4 0 |u http://dolgozattar.uni-bge.hu/59588/1/Schubert_Anna_szakdolgozat.pdf  |z Dokumentum-elérés 
856 4 0 |u http://dolgozattar.uni-bge.hu/59588/2/Schubert%20Anna_b%C3%ADr%C3%A1lati%20lap_%C3%81d%C3%A1mku%20Szabina.pdf  |z Dokumentum-elérés 
856 4 0 |u http://dolgozattar.uni-bge.hu/59588/3/Schubert%20Anna.%20jav.pdf  |z Dokumentum-elérés